Laughter is the best medicine (Record no. 86128)
[ view plain ]
| 000 -LEADER | |
|---|---|
| fixed length control field | 00629nam a2200229 i 4500 |
| 001 - CONTROL NUMBER | |
| control field | C2-0279497 |
| 003 - CONTROL NUMBER IDENTIFIER | |
| control field | PPAK |
| 005 - DATE AND TIME OF LATEST TRANSACTION | |
| control field | 20180728010705.0 |
| 008 - FIXED-LENGTH DATA ELEMENTS--GENERAL INFORMATION | |
| fixed length control field | 070429s2006 nyua|||| ||||| | eng d |
| 020 ## - INTERNATIONAL STANDARD BOOK NUMBER | |
| International Standard Book Number | 0762105453 |
| 040 ## - CATALOGING SOURCE | |
| Original cataloging agency | PPAK |
| Language of cataloging | eng |
| Transcribing agency | PPAK |
| Description conventions | rda |
| 082 04 - DEWEY DECIMAL CLASSIFICATION NUMBER | |
| Classification number | 817.508 |
| Edition number | 23 |
| 090 00 - LOCALLY ASSIGNED LC-TYPE CALL NUMBER (OCLC); LOCAL CALL NUMBER (RLIN) | |
| Classification number (OCLC) (R) ; Classification number, CALL (RLIN) (NR) | 817.508 |
| Feature heading | LAU |
| Feature heading | R |
| 245 00 - TITLE STATEMENT | |
| Title | Laughter is the best medicine |
| 264 #1 - PRODUCTION, PUBLICATION, DISTRIBUTION, MANUFACTURE, AND COPYRIGHT NOTICE | |
| Place of production, publication, distribution, manufacture | New York : |
| Name of producer, publisher, distributor, manufacturer | Reader's Digest , |
| Date of production, publication, distribution, manufacture, or copyright notice | 2006 |
| 300 ## - PHYSICAL DESCRIPTION | |
| Extent | 366 pages : |
| Other physical details | colour illustrations ; |
| Dimensions | 23 cm |
| 336 ## - CONTENT TYPE | |
| Source | rdacontent |
| Content type term | text |
| 337 ## - MEDIA TYPE | |
| Source | rdamedia |
| Media type term | unmediated |
| 338 ## - CARRIER TYPE | |
| Source | rdacarrier |
| Carrier type term | volume |
| 650 10 - SUBJECT ADDED ENTRY--TOPICAL TERM | |
| Topical term or geographic name entry element | American wit and humor. |
| 942 ## - ADDED ENTRY ELEMENTS (KOHA) | |
| -- | dc |
| Koha item type | Book |
| Withdrawn | Not for loan | Current library | Shelving location | Date acquired | Full call number | Barcode | Date last seen | Koha item type |
|---|---|---|---|---|---|---|---|---|
| Not For Loan | Perpustakaan Alor Setar | Rujukan Dewasa | 13/01/2008 | R 817.508 LAU | A01184044 | 09/05/2018 | Book | |
| Not For Loan | Perpustakaan Alor Setar | Rujukan Dewasa | 28/01/2008 | R 817.508 LAU | A01230522 | 09/05/2018 | Book | |
| Not For Loan | Perpustakaan Awam Sungai Petani | Rujukan Dewasa | 13/01/2008 | R 817.508 LAU | A01184045 | 09/05/2018 | Book | |
| Not For Loan | Perpustakaan Baling | Rujukan Dewasa | 28/01/2008 | R 817.508 LAU | A01230529 | 09/05/2018 | Book | |
| Not For Loan | Perpustakaan Bandar Baharu | Rujukan Dewasa | 28/01/2008 | R 817.508 LAU | A01230530 | 09/05/2018 | Book | |
| Not For Loan | Perpustakaan Jitra | Rujukan Dewasa | 28/01/2008 | R 817.508 LAU | A01230524 | 09/05/2018 | Book | |
| Not For Loan | Perpustakaan Kuala Nerang | Rujukan Dewasa | 28/01/2008 | R 817.508 LAU | A01230531 | 09/05/2018 | Book | |
| Not For Loan | Perpustakaan Kulim | Rujukan Dewasa | 15/12/2011 | R 817.508 LAU | A00819562 | 09/05/2018 | Book | |
| Not For Loan | Perpustakaan Langkawi | Rujukan Dewasa | 28/01/2008 | R 817.508 LAU | A01230525 | 09/05/2018 | Book | |
| Not For Loan | Perpustakaan Merbok | Rujukan Dewasa | 28/01/2008 | R 817.508 LAU | A01230533 | 09/05/2018 | Book | |
| Not For Loan | Perpustakaan Sik | Rujukan Dewasa | 28/01/2008 | R 817.508 LAU | A01230528 | 09/05/2018 | Book | |
| Not For Loan | Perpustakaan Sik | Rujukan Dewasa | 28/01/2008 | R 817.508 LAU | A01230532 | 09/05/2018 | Book | |
| Not For Loan | Perpustakaan Yan | Rujukan Dewasa | 28/01/2008 | R 817.508 LAU | A01230527 | 09/05/2018 | Book |